Capital Dilemmas Quiz Stats

Quiz Updated Sep 19, 2012

Challenge
Share
Tweet
Embed
Score 0/21 Timer 04:00
4 Plays Today
Country/Capital Possibilities Right Capital % Correct
Mexico: Mexico City or Beijing????
99.6%
Canada: Toronto or Ottawa????
88.2%
Bosnia and Herzegovina: Podgorica or Sarajevo????
80.8%
Nigeria: Niamey or Abuja????
80.7%
St. Vincent and the Grenadines: Kingston or Kingstown????
76.3%
United Arab Emirates: Dubai or Abu Dhabi????
74.6%
South Africa: Pretoria or Johannesburg????
73.9%
Costa Rica: San Jose or Santo Domingo????
73.9%
Estonia: Tallinn or Vilnius????
73.6%
Bangladesh: Dakar or Dhaka????
73.1%
Sao Tome and Principe: Sao Tome or Principe????
72.8%
Country/Capital Possibilities Right Capital % Correct
Liechtenstein: Liechtenstein or Vaduz????
68.9%
Tuvalu: Funafuti or Ngerulmud????
67.9%
Myanmar: Naypyidaw or Phnom Penh????
66.2%
Mauritius: Port Vila or Port Louis????
65.6%
Mali: Bamako or Bangui????
65.3%
Antigua and Barbuda: St. John's or St. George's????
65.2%
Zambia: Lusaka or Luanda????
61.3%
Rep. of the Congo: Brazzaville or Libreville????
60.1%
Tanzania: Dar es Salaam or Dodoma????
57.9%
Turkmenistan: Ashgabat or Tashkent????
56.5%

You're not logged in!

Compare scores with friends on all Sporcle quizzes.
Join for Free
OR
Log In

You Might Also Like...

Show Comments

Extras

Top Quizzes Today


Score Distribution

Your Account Isn't Verified!

In order to create a playlist on Sporcle, you need to verify the email address you used during registration. Go to your Sporcle Settings to finish the process.

Report this User

Report this user for behavior that violates our Community Guidelines.

Details: